000
00305nam a2200109Ia 4500
008
200302s9999 xx 000 0 und d
100
_a
Peter Walker & Other
245
_a
Landscape Architecture Defining the Craft
260
_b
Publishers of Architecture Art. And Design
260
_c
2005
300
_a
231 P.,
999
_c
2963
_d
2963